Handbook of applied cryptography
Gespeichert in:
| 1. Verfasser: | |
|---|---|
| Format: | Buch |
| Veröffentlicht: |
Routledge
|
| Tags: |
Keine Tags, Fügen Sie das erste Tag hinzu!
|
MARC
| LEADER | 00000nam a2200000Ia 4500 | ||
|---|---|---|---|
| 005 | 20260515061614.0 | ||
| 100 | |a Menezes, A. J. | ||
| 020 | |a 9781138385979 | ||
| 942 | |c BK | ||
| 245 | |a Handbook of applied cryptography | ||
| 260 | |b Routledge | ||
| 999 | |c 6 |d 6 | ||
| 952 | |0 0 |1 0 |4 0 |7 0 |a ABDN |b ABDN |d 2026-05-15 |l 0 |p 000043 |r 2026-05-15 06:16:14 |w 2026-05-15 |y BK | ||